| 000 | 00921cam a22002895i 4500 | ||
|---|---|---|---|
| 001 | 016839040 | ||
| 003 | EG-ScBUE | ||
| 005 | 20230109120007.0 | ||
| 008 | 140603s2015 enka f b 001 0 eng d | ||
| 020 | _a9781780233710 (pbk.) | ||
| 040 |
_aStDuBDS _beng _erda _cStDuBDS _dEG-ScBUE |
||
| 082 | 0 | 4 |
_a741.674 _bGUF _222 |
| 100 | 1 |
_aGuffey, Elizabeth E., _eauthor. _939461 |
|
| 245 | 1 | 0 |
_aPosters : _ba global history / _cElizabeth E. Guffey. |
| 250 | _aFirst edition. | ||
| 264 | 1 |
_aLondon : _bReaktion Books, _c2015. |
|
| 300 |
_a319 pages : _billustrations (black and white, and color) ; _c25 cm |
||
| 336 |
_2rdacontent _atext _btxt |
||
| 337 |
_2rdamedia _aunmediated _bn |
||
| 338 |
_2rdacarrier _avolume _bnc |
||
| 504 | _aIncludes bibliographical references and index. | ||
| 650 | 7 |
_aPosters _xHistory. _2BUEsh |
|
| 651 | _2BUEsh | ||
| 653 |
_bCOMAME _cFebruary2016 |
||
| 655 | _vReading book | ||
| 942 |
_2ddc _cBB |
||
| 999 |
_c21277 _d21249 |
||